[Event "Venice Autumn op 26th"]
[Site "Venice"]
[Date "2019.11.01"]
[Round "1"]
[White "Lazic, Miroljub"]
[Black "Bianchi, Andrea"]
[Result "1-0"]
[WhiteElo "2409"]
[BlackElo "2084"]
[PlyCount "49"]
[EventDate "2019.11.01"]
[EventType "swiss"]
[EventRounds "5"]
[EventCountry "ITA"]
[SourceTitle "CBM 192 Extra"]
[Source "Chessbase"]
[SourceDate "2019.11.06"]
[SourceVersion "1"]
[SourceVersionDate "2019.11.06"]
[SourceQuality "1"]

1. g3 d5 2. Nf3 e6 3. Bg2 Nf6 4. 0-0 Be7 5. d3 0-0 6. Nbd2 c5 7. e4 Nc6 8. Re1 b5 9. a4 b4 10. exd5 exd5 11. d4 Na5 12. Ne5 Bf5 13. Nb3 Rc8 14. Nxc5 Bxc5 15. dxc5 Rxc5 16. Nd3 Bxd3 17. Qxd3 Qc8 18. Bd2 Nc6 19. a5 Rd8 20. a6 Nb8 21. Bxb4 Rxc2 22. Bc3 Rxc3 23. Qxc3 Qxc3 24. bxc3 Kf8 25. Reb1 1-0

[Event "Venice Autumn op 24th"]
[Site "Venice"]
[Date "2017.10.31"]
[Round "6"]
[White "Solomon, Kenny"]
[Black "Bianchi, Andrea"]
[Result "1-0"]
[WhiteElo "2396"]
[BlackElo "2081"]
[PlyCount "89"]
[EventDate "2017.10.28"]
[EventType "swiss"]
[EventRounds "7"]
[EventCountry "ITA"]
[SourceTitle "CBM 181 Extra"]
[Source "ChessBase"]
[SourceDate "2017.12.12"]
[SourceVersion "1"]
[SourceVersionDate "2017.12.12"]
[SourceQuality "1"]

1. d4 d5 2. Nf3 e6 3. c4 Nf6 4. Nc3 Be7 5. Bg5 h6 6. Bh4 0-0 7. e3 b6 8. Bd3 Bb7 9. 0-0 Nbd7 10. Qe2 dxc4 11. Bxc4 Ne4 12. Bg3 Nxg3 13. hxg3 c5 14. Rfd1 Qc7 15. d5 exd5 16. Nxd5 Bxd5 17. Rxd5 Rad8 18. Rad1 Bf6 19. Qc2 Ne5 20. Nxe5 Bxe5 21. Qf5 Rxd5 22. Rxd5 Bf6 23. Rd7 Qc8 24. Qd5 Qa8 25. Qxa8 Rxa8 26. Rxf7 Kh8 27. b3 Rd8 28. Rxa7 Rd1+ 29. Kh2 Kh7 30. g4 Kg6 31. f4 Bd8 32. Kg3 Rd2 33. Kf3 Bh4 34. g3 Bf6 35. Be6 Bd8 36. Bg8 Bf6 37. Rb7 Rxa2 38. Rxb6 Ra8 39. Bc4 Rc8 40. e4 Kh7 41. e5 Be7 42. Rb7 Bf8 43. Rd7 Re8 44. Ke4 Kh8 45. f5 1-0

[Event "Prague Summer op-A 3rd"]
[Site "Prague"]
[Date "2016.08.06"]
[Round "2"]
[White "Nitish, Belurkar"]
[Black "Bianchi, Andrea"]
[Result "0-1"]
[WhiteElo "2269"]
[BlackElo "2110"]
[PlyCount "58"]
[EventDate "2016.08.05"]
[EventType "swiss"]
[EventRounds "9"]
[EventCountry "CZE"]
[SourceTitle "CBM 173 Extra"]
[Source "ChessBase"]
[SourceDate "2016.08.29"]
[SourceVersion "1"]
[SourceVersionDate "2016.08.29"]
[SourceQuality "1"]

1. e4 d6 2. d4 Nf6 3. Nc3 e5 4. Nf3 Nbd7 5. g4 Nxg4 6. Rg1 exd4 7. Nxd4 Nde5 8. h3 Nf6 9. f4 Nc6 10. Be3 Qe7 11. Nxc6 bxc6 12. Qd4 c5 13. Bb5+ Bd7 14. Bxd7+ Qxd7 15. Qd3 g6 16. 0-0-0 Qc6 17. e5 Nd7 18. Nd5 0-0-0 19. Qe4 Qb7 20. e6 fxe6 21. Qxe6 Bg7 22. Rd3 Rde8 23. Qf7 Bxb2+ 24. Kd1 c4 25. Rd2 c6 26. Ne7+ Kd8 27. Bf2 Rxe7 28. Bh4 Bf6 29. Bxf6 Qb1# 0-1

[Event "Venice Autumn op 20th"]
[Site "Venice"]
[Date "2014.11.01"]
[Round "3"]
[White "Faccia, Sergio"]
[Black "Bianchi, Andrea"]
[Result "0-1"]
[WhiteElo "1998"]
[BlackElo "2147"]
[PlyCount "90"]
[EventDate "2014.10.31"]
[EventType "swiss"]
[EventRounds "5"]
[EventCountry "ITA"]
[SourceTitle "EXT 2015"]
[Source "ChessBase"]
[SourceDate "2014.11.20"]
[SourceVersion "1"]
[SourceVersionDate "2014.11.20"]
[SourceQuality "1"]

1. e4 d6 2. d4 Nf6 3. Nc3 e5 4. Nf3 Nbd7 5. dxe5 dxe5 6. Bc4 Bb4 7. 0-0 0-0 8. Bg5 c6 9. Ne2 b5 10. Bb3 a5 11. a4 bxa4 12. Bxa4 Qc7 13. c3 Be7 14. Ng3 Nc5 15. Bc2 Rd8 16. Qe2 Ne6 17. Rad1 Ba6 18. c4 Nxg5 19. Nxg5 h6 20. Nf3 Nd7 21. Nf5 Nc5 22. b3 Kf8 23. Nxe7 Qxe7 24. Rxd8+ Rxd8 25. Rd1 Rd6 26. g3 Bc8 27. Rxd6 Qxd6 28. Qd2 Qxd2 29. Nxd2 Ne6 30. f3 Ke7 31. Kf2 Kd6 32. Ke3 Nd4 33. Bd1 Kc5 34. f4 f6 35. fxe5 fxe5 36. g4 Kb4 37. h3 Kc3 38. Nb1+ Kb2 39. Nd2 Kc1 40. Be2 Kc2 41. Bd3+ Kc3 42. c5 Nxb3 43. Nc4 Nxc5 44. Be2 a4 45. Nxe5 a3 0-1

[Event "Venice Autumn op 19th"]
[Site "Venice"]
[Date "2013.11.01"]
[Round "1"]
[White "Lodici, Lorenzo"]
[Black "Bianchi, Andrea"]
[Result "0-1"]
[WhiteElo "2050"]
[BlackElo "2164"]
[PlyCount "62"]
[EventDate "2013.11.01"]
[EventType "swiss"]
[EventRounds "5"]
[EventCountry "ITA"]
[SourceTitle "EXT 2015"]
[Source "ChessBase"]
[SourceDate "2014.11.20"]
[SourceVersion "1"]
[SourceVersionDate "2014.11.20"]
[SourceQuality "1"]

1. d4 d5 2. c4 e6 3. Nc3 Be7 4. cxd5 exd5 5. Bf4 c6 6. e3 Bf5 7. g4 Bg6 8. h4 h5 9. g5 Nd7 10. Nf3 Qb6 11. Qd2 Bf5 12. Bh3 Bxh3 13. Rxh3 g6 14. 0-0-0 Bb4 15. Ne5 Ne7 16. Nxd7 Kxd7 17. a3 Bxc3 18. Qxc3 Rhe8 19. Be5 Nf5 20. e4 dxe4 21. d5 c5 22. f4 c4 23. Bd4 Qb5 24. Rh2 b6 25. Be5 Rac8 26. Qh3 Qb3 27. Bc3 a5 28. Re2 b5 29. Re3 b4 30. Bd4 c3 31. bxc3 bxc3 0-1

[Event "Venice Autumn op 18th"]
[Site "Venice"]
[Date "2012.11.02"]
[Round "2"]
[White "Ceschia, Ivano"]
[Black "Bianchi, Andrea"]
[Result "1-0"]
[WhiteElo "2298"]
[BlackElo "2148"]
[PlyCount "81"]
[EventDate "2012.11.01"]
[EventType "swiss"]
[EventRounds "6"]
[EventCountry "ITA"]
[SourceTitle "EXT 2013"]
[Source "ChessBase"]
[SourceDate "2012.11.22"]
[SourceVersion "1"]
[SourceVersionDate "2012.11.22"]
[SourceQuality "1"]

1. e4 d6 2. d4 Nf6 3. Nc3 e5 4. Nf3 Nbd7 5. Bc4 Be7 6. 0-0 0-0 7. Re1 c6 8. a4 b6 9. b3 a6 10. Bb2 Qc7 11. h3 Bb7 12. Bd3 Rfe8 13. Qd2 b5 14. Ne2 c5 15. dxe5 Nxe5 16. Nxe5 dxe5 17. axb5 axb5 18. Ng3 c4 19. bxc4 bxc4 20. Bf1 Rxa1 21. Bxa1 Bc5 22. Bc3 h6 23. Qe2 Bd4 24. Bxd4 exd4 25. Qxc4 Qxc4 26. Bxc4 Bxe4 27. Nxe4 Nxe4 28. Bd5 Nf6 29. Rxe8+ Nxe8 30. Kf1 Nc7 31. Bc4 Ne6 32. Bxe6 fxe6 33. Ke2 e5 34. Kd3 Kf7 35. Ke4 Ke6 36. f4 exf4 37. Kxd4 Kf5 38. c4 g5 39. c5 h5 40. c6 Ke6 41. Ke4 1-0

[Event "Venice Autumn op 17th"]
[Site "Venice"]
[Date "2011.10.31"]
[Round "2"]
[White "Bianchi, Andrea"]
[Black "Gromovs, Sergejs"]
[Result "1/2-1/2"]
[WhiteElo "2142"]
[BlackElo "2297"]
[PlyCount "116"]
[EventDate "2011.10.30"]
[EventType "swiss"]
[EventRounds "5"]
[EventCountry "ITA"]
[SourceTitle "EXT 2012"]
[Source "ChessBase"]
[SourceDate "2011.11.24"]
[SourceVersion "1"]
[SourceVersionDate "2011.11.24"]
[SourceQuality "1"]

1. d4 d5 2. c4 e6 3. Nc3 Be7 4. Nf3 Nf6 5. Bf4 0-0 6. e3 c5 7. dxc5 Bxc5 8. Qc2 Nc6 9. a3 Qa5 10. 0-0-0 Be7 11. g4 dxc4 12. Bxc4 e5 13. g5 exf4 14. gxf6 Bxf6 15. Nd5 Rd8 16. Rhg1 Kh8 17. Rg5 Bxg5 18. Nxg5 g6 19. Nxf7+ Kg7 20. Nxd8 Nxd8 21. Nxf4 Bf5 22. Qc3+ Qxc3+ 23. bxc3 Rc8 24. Kb2 Rxc4 25. Rxd8 h5 26. Kb3 Rc6 27. f3 Kf7 28. e4 Be6+ 29. Nxe6 Kxe6 30. Rd5 Rb6+ 31. Kc4 Rb2 32. Rg5 Kf6 33. Rb5 Rxh2 34. Rxb7 Rf2 35. Kd5 Rd2+ 36. Kc4 Rf2 37. Rb8 h4 38. Kd4 h3 39. e5+ Ke6 40. Re8+ Kf7 41. Ra8 Rxf3 42. Rxa7+ Ke6 43. Ra6+ Kf7 44. Ra7+ Ke6 45. Rg7 Rf4+ 46. Ke3 Rh4 47. Rxg6+ Kxe5 48. Rg5+ Kd6 49. Rg1 h2 50. Rh1 Kc5 51. Kd2 Kc4 52. Kc2 Rh8 53. a4 Rh4 54. a5 Kb5 55. a6 Kxa6 56. Kd3 Kb5 57. c4+ Kc5 58. Ke3 Kxc4 1/2-1/2

[Event "Bratto op 31st"]
[Site "Bratto"]
[Date "2011.08.27"]
[Round "8"]
[White "Bianchi, Andrea"]
[Black "Iasman, Inna"]
[Result "1-0"]
[WhiteElo "2142"]
[BlackElo "2014"]
[PlyCount "137"]
[EventDate "2011.08.20"]
[EventType "swiss"]
[EventRounds "9"]
[EventCountry "ITA"]
[SourceTitle "EXT 2022"]
[Source "ChessBase"]
[SourceDate "2021.10.06"]
[SourceVersion "1"]
[SourceVersionDate "2021.10.06"]
[SourceQuality "1"]

1. e4 c6 2. d4 d5 3. Nd2 dxe4 4. Nxe4 Nd7 5. Bc4 Ngf6 6. Ng5 e6 7. Qe2 Nb6 8. Bb3 h6 9. N5f3 Bd6 10. Ne5 0-0 11. Ngf3 Nbd7 12. 0-0 c5 13. Bf4 Qc7 14. Bg3 cxd4 15. Nxf7 Bxg3 16. hxg3 Rxf7 17. Bxe6 Nc5 18. Bxf7+ Qxf7 19. Nxd4 Bd7 20. Rfe1 Re8 21. Qf3 Bg4 22. Qf4 Ne6 23. Nxe6 Bxe6 24. Rad1 Bd7 25. Rxe8+ Qxe8 26. Qd2 Qh5 27. f3 Qe5 28. Qd4 Qxg3 29. Qxa7 Bc6 30. Qf2 Qe5 31. Qd4 Qg3 32. Qf2 Qe5 33. c4 Qa5 34. b3 Bd7 35. Qb2 Qh5 36. Qd4 Qg5 37. b4 Bh3 38. Qd2 Qg3 39. Qf2 Qg5 40. Kh1 Be6 41. Qd4 Nh5 42. Qd8+ Qxd8 43. Rxd8+ Kf7 44. c5 Nf6 45. Rd2 Bd7 46. Kg1 Ke7 47. Kf2 Ba4 48. Ke3 Nd7 49. Kd4 Bb5 50. Rd1 Nf6 51. Ra1 Ba4 52. Kc4 Nd7 53. b5 Ne5+ 54. Kb4 Bc2 55. Re1 Kf6 56. Re3 Bf5 57. a4 Nd3+ 58. Kc4 Nb2+ 59. Kb3 Nd3 60. c6 bxc6 61. bxc6 Be6+ 62. Kc3 Nc5 63. Kb4 Na6+ 64. Kb5 Nc7+ 65. Kc5 Ke7 66. Rd3 Bf5 67. Rd2 Bc8 68. Kb6 Na6 69. c7 1-0

[Event "Venice Autumn op 16th"]
[Site "Venice"]
[Date "2010.10.31"]
[Round "3.4"]
[White "Guerra, Alessandro"]
[Black "Bianchi, Andrea"]
[Result "1-0"]
[WhiteElo "2236"]
[BlackElo "2148"]
[PlyCount "57"]
[EventDate "2010.10.30"]
[EventType "swiss"]
[EventRounds "5"]
[EventCountry "ITA"]
[SourceTitle "EXT 2011"]
[Source "ChessBase"]
[SourceDate "2010.11.26"]
[SourceVersion "1"]
[SourceVersionDate "2010.11.26"]
[SourceQuality "1"]

1. e4 d6 2. d4 Nf6 3. Nc3 e5 4. Nf3 Nbd7 5. Bc4 Be7 6. dxe5 Nxe5 7. Nxe5 dxe5 8. Qe2 c6 9. a4 0-0 10. 0-0 b6 11. Bg5 Nd7 12. Be3 Bc5 13. Rad1 Bxe3 14. Qxe3 Qe7 15. Rd2 a6 16. Rfd1 b5 17. Bf1 b4 18. Ne2 Nc5 19. b3 Ra7 20. Rd6 Ne6 21. Rxc6 Rd7 22. Rxd7 Qxd7 23. Qb6 Rd8 24. Nc1 Qd4 25. Nd3 Qxb6 26. Rxb6 a5 27. Nxe5 Kf8 28. Nc6 Rd6 29. e5 1-0

[Event "Bologna"]
[Site "Bologna"]
[Date "2009.04.??"]
[Round "4"]
[White "Gilevich, Artem"]
[Black "Bianchi, Andrea"]
[Result "1/2-1/2"]
[WhiteElo "2134"]
[BlackElo "2166"]
[PlyCount "58"]
[EventDate "2009.04.??"]
[EventType "tourn"]
[EventRounds "9"]
[EventCountry "ITA"]
[EventCategory "2"]
[SourceTitle "EXT 2010"]
[Source "ChessBase"]
[SourceDate "2010.11.25"]
[SourceVersion "1"]
[SourceVersionDate "2010.11.25"]
[SourceQuality "1"]

1. Nf3 Nf6 2. b3 d6 3. Bb2 e5 4. d4 e4 5. Nfd2 d5 6. e3 Bd6 7. Be2 c6 8. c4 0-0 9. Nc3 Nbd7 10. Qc2 Re8 11. cxd5 cxd5 12. Nb5 Nf8 13. Nxd6 Qxd6 14. Qc5 Qd8 15. Ba3 Re6 16. Qxf8+ Qxf8 17. Bxf8 Kxf8 18. 0-0 Rc6 19. Rfc1 Bd7 20. Rxc6 Bxc6 21. f3 Ke7 22. g4 exf3 23. Bxf3 g5 24. h3 Rc8 25. Rc1 Bd7 26. Rxc8 Bxc8 27. Nb1 Kd6 28. Nc3 a6 29. Kg2 h6 1/2-1/2

[Event "Bologna"]
[Site "Bologna"]
[Date "2009.04.??"]
[Round "8"]
[White "Martinez, Rolly"]
[Black "Bianchi, Andrea"]
[Result "1-0"]
[WhiteElo "2419"]
[BlackElo "2166"]
[PlyCount "97"]
[EventDate "2009.04.??"]
[EventType "tourn"]
[EventRounds "9"]
[EventCountry "ITA"]
[EventCategory "2"]
[SourceTitle "EXT 2010"]
[Source "ChessBase"]
[SourceDate "2010.11.25"]
[SourceVersion "1"]
[SourceVersionDate "2010.11.25"]
[SourceQuality "1"]

1. e4 d6 2. d4 Nf6 3. Nc3 e5 4. Nf3 Nbd7 5. Bc4 Be7 6. 0-0 0-0 7. Re1 c6 8. a4 b6 9. b3 a6 10. Bb2 Bb7 11. Bd3 Re8 12. Qd2 Bf8 13. Ne2 b5 14. Ng3 g6 15. c4 bxa4 16. bxa4 Qc7 17. c5 exd4 18. Bxd4 Ne5 19. Be2 Nfd7 20. cxd6 Bxd6 21. Nxe5 Bxe5 22. Bxe5 Nxe5 23. f4 Red8 24. Qc3 Nd7 25. e5 Nf8 26. Ne4 Qb6+ 27. Kh1 Qd4 28. Nf6+ Kg7 29. Qg3 c5 30. Qh4 c4 31. Ng4 Nd7 32. Qh6+ Kh8 33. Rad1 Qc3 34. Qh4 h5 35. e6 fxe6 36. Ne5 Nxe5 37. Rxd8+ Rxd8 38. Qxd8+ Kg7 39. Rb1 Nf7 40. Qd1 Bd5 41. Rc1 Qb2 42. Rc2 Qb3 43. Bxc4 Qxa4 44. Bxd5 exd5 45. Qc1 d4 46. Rc4 Qa2 47. Rxd4 a5 48. Rd1 a4 49. Qa1+ 1-0

[Event "Lodi op 3rd"]
[Site "Lodi"]
[Date "2007.06.10"]
[Round "4"]
[White "Rombaldoni, Denis"]
[Black "Bianchi, Andrea"]
[Result "1-0"]
[WhiteElo "2368"]
[BlackElo "2131"]
[PlyCount "69"]
[EventDate "2007.06.08"]
[EventType "swiss"]
[EventRounds "5"]
[EventCountry "ITA"]
[SourceTitle "EXT 2010"]
[Source "ChessBase"]
[SourceDate "2010.11.25"]
[SourceVersion "1"]
[SourceVersionDate "2010.11.25"]
[SourceQuality "1"]

1. d4 d5 2. c4 e6 3. Nf3 Nf6 4. g3 Be7 5. Bg2 0-0 6. 0-0 dxc4 7. Qc2 a6 8. a4 Bd7 9. Rd1 Bc6 10. Nc3 Nd5 11. e4 Nxc3 12. bxc3 b5 13. d5 exd5 14. exd5 Bb7 15. Nd4 Bd6 16. axb5 Nd7 17. Be3 Nb6 18. bxa6 Rxa6 19. Rxa6 Bxa6 20. Nf5 Qf6 21. Be4 h6 22. Bd4 Be5 23. d6 Bxd4 24. Rxd4 c5 25. Rd2 Rd8 26. Qb1 Na4 27. Bc2 Nxc3 28. Qb6 Ra8 29. Ne7+ Kf8 30. Qxc5 Qe6 31. d7 Qe1+ 32. Kg2 Qxd2 33. Bh7 Qxd7 34. Ng6+ Ke8 35. Qf8# 1-0

[Event "Lodi op 3rd"]
[Site "Lodi"]
[Date "2007.06.08"]
[Round "1"]
[White "Bianchi, Andrea"]
[Black "Czebe, Attila"]
[Result "1/2-1/2"]
[WhiteElo "2131"]
[BlackElo "2500"]
[PlyCount "63"]
[EventDate "2007.06.08"]
[EventType "swiss"]
[EventRounds "5"]
[EventCountry "ITA"]
[SourceTitle "EXT 2010"]
[Source "ChessBase"]
[SourceDate "2010.11.25"]
[SourceVersion "1"]
[SourceVersionDate "2010.11.25"]
[SourceQuality "1"]

1. e4 g6 2. d4 Bg7 3. Bc4 d6 4. c3 Nf6 5. Qe2 0-0 6. Nf3 Bg4 7. h3 Bxf3 8. Qxf3 c6 9. Bb3 d5 10. e5 Ne8 11. h4 f6 12. h5 fxe5 13. Qh3 Qd7 14. g4 gxh5 15. Qxh5 Nf6 16. Qh4 Qxg4 17. dxe5 Qe4+ 18. Qxe4 Nxe4 19. f4 Nd7 20. Bc2 Ndc5 21. Nd2 Rxf4 22. Nxe4 Rxe4+ 23. Bxe4 dxe4 24. Ke2 Nd3 25. Rh4 Nxe5 26. Rxe4 Kf7 27. Be3 Nd7 28. Rh4 Nf6 29. Bg5 Rh8 30. Rah1 Kg6 31. Rg1 Kf7 32. Rgh1 1/2-1/2

[Event "Emilia Romagna Province-ch"]
[Site "Formigine"]
[Date "2007.04.29"]
[Round "4"]
[White "Bianchi, Andrea"]
[Black "Vincenzi, Marco"]
[Result "1/2-1/2"]
[WhiteElo "2131"]
[BlackElo "2067"]
[PlyCount "75"]
[EventDate "2007.04.28"]
[EventType "swiss"]
[EventRounds "6"]
[EventCountry "ITA"]
[SourceTitle "EXT 2009"]
[Source "ChessBase"]
[SourceDate "2008.11.26"]
[SourceVersion "1"]
[SourceVersionDate "2008.11.26"]
[SourceQuality "1"]

1. e4 e6 2. Qe2 c5 3. g3 d6 4. Bg2 Nc6 5. f4 Nge7 6. Nf3 g6 7. 0-0 Bg7 8. c3 0-0 9. Na3 Rb8 10. Kh1 Qa5 11. d3 b5 12. Bd2 Ba6 13. e5 dxe5 14. Nxe5 Nxe5 15. fxe5 Qc7 16. Rae1 Bb7 17. Bg5 Bxg2+ 18. Kxg2 a6 19. Rf3 Nd5 20. Nc2 c4 21. Nd4 cxd3 22. Rxd3 b4 23. cxb4 Rxb4 24. Nf3 Rc4 25. a3 a5 26. Rdd1 Rc2 27. Rd2 Rc5 28. Rdd1 h6 29. Be3 Nxe3+ 30. Qxe3 Rb8 31. Rd2 Rc2 32. Rxc2 Qxc2+ 33. Re2 Qb1 34. Qc3 a4 35. Nd4 Qa2 36. Nc6 Qd5+ 37. Kh3 Qd1 38. Rf2 1/2-1/2